00832nam a22002897a 4500003000400000008004100004020001800045082002000063100002300083245009800106260003700204300001000241365001200251650002000263650002900283650002600312650003200338700001800370700000900388700001700397700002300414700002600437700002000463700002100483700001900504700001900523OSt260629b |||||||| |||| 00| 0 eng d a9789391734473 a636.40688bG97V aGupta, Vivek Kumar aVyavsayik Shukar Palan: bKrishako evam Uddhamiyo Hetu Ek Samagrah PustakcGupta, Vivek Kumar aNew DelhibTTPP, New Delhic2023 a564p. e1595.00 aSwine industry. aSwine industry $z India. aPig farming $z India. aSwine $x Breeding $z India. aKumar, Satish aJaya aKumar, Sunil aThosmsh, Rajendran aDevi, Jaychitra Salam aVanik, Shantanu aRajkhowa, Swaraj aVerman, Keshav aIslam, Rafikul